Les plus petits pays voisins aléatoires - Statistiques

Statistiques générales
  • Ce quiz a été pris 301 fois
  • Le résultat moyen est 13 sur 16
Statistiques - réponses
Pays ... et c'est le plus petit voisin % Correct
Eswatini Afrique du Sud
100%
Lesotho Afrique du Sud
100%
Pays-Bas Belgique
100%
Niger Benin
100%
Namibie Botswana
100%
Rwanda Burundi
100%
Laos Cambodge
100%
Mongolie Chine
100%
Corée du Sud Corée du Nord
100%
Nicaragua Costa Rica
100%
Slovenie Croatie
100%
Oman Emirats Arabes Unis
100%
Perou Equateur
100%
Djibouti Erythrée
100%
Portugal Espagne
100%
Lettonie Estonie
100%
Norvege Finlande
100%
Monaco France
100%
Armenie Georgie
100%
Belize Guatemala
100%
Cameroun Guinée Équatoriale
100%
Bhoutan Inde
100%
Nepal Inde
100%
Timor oriental Indonesie
100%
Koweit Irak
100%
Liban Israel
100%
Vatican Italie
100%
Palestine Jordanie
100%
Albanie Kosovo
100%
Irak Koweit
100%
Birmanie Laos
100%
Cambodge Laos
100%
Vietnam Laos
100%
Estonie Lettonie
100%
Syrie Liban
100%
Sierra Leone Liberia
100%
Belgique Luxembourg
100%
Brunei Malaisie
100%
Roumanie Moldavie
100%
Kosovo Montenegro
100%
Suede Norvege
100%
Yemen Oman
100%
Costa Rica Panama
100%
Moldavie Roumanie
100%
Guatemala Salvador
100%
Gambie Senegal
100%
Mauritanie Senegal
100%
République Tchèque Slovaquie
100%
Croatie Slovenie
100%
Hongrie Slovenie
100%
Bresil Suriname
100%
Guyana Suriname
100%
Indonesie Timor oriental
100%
Benin Togo
100%
Argentine Uruguay
100%
Italie Vatican
100%
Luxembourg Belgique
90%
Mexique Belize
89%
Uruguay Argentine
88%
Macédoine du Nord Kosovo
88%
Nigeria Benin
86%
Biélorussie Lettonie
86%
Allemagne Luxembourg
86%
Slovaquie République Tchèque
86%
Espagne Andorre
83%
Mongolie Chine
83%
Afrique du Sud Eswatini
83%
Canada États Unis
83%
Senegal Gambie
83%
Papouasie Nouvelle Guinée Indonesie
83%
San Marino Italie
83%
Tadjikistan Kirghizistan
83%
Tunisie Libye
83%
France Monaco
83%
Haiti République Dominicaine
83%
Algerie Tunisie
83%
Togo Benin
80%
Inde Bhoutan
80%
Ethiopie Djibouti
80%
Syrie Liban
80%
Suisse Liechtenstein
80%
Finlande Norvege
80%
Tanzanie Rwanda
80%
Liberia Sierra Leone
80%
Lituanie Lettonie
78%
Pakistan Afghanistan
75%
Azerbaijan Armenie
75%
Georgie Armenie
75%
Bangladesh Birmanie
75%
Malaisie Brunei
75%
Corée du Nord Corée du Sud
75%
Andorre Espagne
75%
Suriname Guyana
75%
Kazakhstan Kirghizistan
75%
Soudan du sud Oúganda
75%
Kirghizistan Tadjikistan
75%
Malawi Zambie
75%
Autriche Liechtenstein
71%
Emirats Arabes Unis Oman
71%
Colombie Panama
71%
Libye Tunisie
71%
Turkmenistan Ouzbekistan
70%
Turquie Armenie
67%
Equateur Colombie
67%
Panama Costa Rica
67%
République du Congo Gabon
67%
Venezuela Guyana
67%
Egypte Israel
67%
Serbie Kosovo
67%
Thailande Laos
67%
Zambie Malawi
67%
États Unis Mexique
67%
Bosnie Herzégovine Montenegro
67%
Arabie Saoudite Qatar
67%
Burundi Rwanda
67%
Ouganda Rwanda
67%
République démocratique du Congo Rwanda
67%
Zimbabwe Zambie
67%
Mozambique Eswatini
63%
Guinée Équatoriale Gabon
63%
Ukraine Moldavie
63%
Erythrée Djibouti
60%
Somalie Djibouti
60%
Soudan Erythrée
60%
Kenya Ouganda
60%
Burkina Faso Togo
60%
Ghana Togo
60%
République Dominicaine Haiti
57%
Chili Bolivie
50%
Paraguay Bolivie
50%
Tchad Cameroun
50%
Gabon Guinée Équatoriale
50%
Royaume-Uni Irlande
50%
Montenegro Kosovo
50%
Bulgarie Macédoine du Nord
50%
Grece Macédoine du Nord
50%
Irlande Royaume-Uni
50%
Honduras Salvador
50%
Mali Senegal
50%
Liechtenstein Suisse
50%
Ouzbekistan Tadjikistan
50%
Botswana Zambie
50%
Nigeria Benin
40%
Pologne Slovaquie
40%
Salvador Guatemala
38%
Maroc Espagne
33%
Russie Estonie
33%
Bolivie Paraguay
33%
République centrafricaine République du Congo
25%
Guinée-Bissau Guinée
20%
Iran Armenie
0%
Guinée Guinée Bissau
0%
Côte d'Ivoire Liberia
0%
Afghanistan Tadjikistan
0%
Angola Zambie
0%
Aucun quiz correspondant
Distribution des résultats
% des personnes avec chaque résultat
Percentile par nombre de réponses
Votre historique - résultats
Vous n’avez pas pris ce quiz